00351 2200157 4500245004700000020002200047250001000069100001800079650001200097005001900109260001800128041001400146084001100160300001300171336000900184 aBumi Ku Semakin PanascArfirah UtamihText a978-602-8808-18-8 aCet.1 aArfirah Utami abumi ku a20240926084052 aBandungc2008 aIndonesia a551.55 a68 hlm : atext